000 00993cab a2200289 4500
001 ABS52217
008 090401t1995 xxu||||| |||| 00| 0 eng d
035 _a(Sirsi) u66297
041 _aeng
100 _aDow, R.
245 _aHousing
260 _c1995
350 _a0
490 _aNew Builder
_v(245) 10 February 1995, 29-40(9)
520 _aHighlights housebuilders` lack of confidence in government housing policy; Admiral Homes promotion of energy efficiency as a marketing tool; the trend of adding basements to existing properties; delay in introducing VAT changes on construction projects; and conversion of a Victorian orphanage into flats concluding with a products review.
650 _aBASEMENTS
650 _aENERGY EFFICIENCY
650 _aHOUSE BUILDERS
650 _aHOUSE BUILDING
650 _aMARKETING
650 _aNEW HOMES
650 _aORDERS
650 _aVALUE ADDED TAX
690 _aBUILT ENVIRONMENT
942 _n0
948 _c04/03/1997
999 _c41449
_d41449